LEADER 04928nam 2200709 450 001 996331948503316 005 20200917021826.0 010 $a3-11-051508-3 024 7 $a10.1515/9783110516340 035 $a(CKB)3710000000984003 035 $a(DE-B1597)472739 035 $a(OCoLC)979883050 035 $a(DE-B1597)9783110516340 035 $a(Au-PeEL)EBL4789429 035 $a(CaPaEBR)ebr11332169 035 $a(CaONFJC)MIL984147 035 $a(OCoLC)969638833 035 $a(MiAaPQ)EBC4789429 035 $a(oapen)https://directory.doabooks.org/handle/20.500.12854/74677 035 $a(PPN)202120619 035 $a(EXLCZ)993710000000984003 100 $a20170203h20172017 uy 0 101 0 $ager 135 $aur||||||||||| 181 $ctxt$2rdacontent 182 $cc$2rdamedia 183 $acr$2rdacarrier 200 00$aExzerpieren - kompilieren - tradieren $etransformationen des wissens zwischen spa?tantike und fru?hmittelalter /$fherausgegeben von Stephan Dusil, Gerald Schwedler und Raphael Schwitter 210 $aBerlin/Boston$cDe Gruyter$d2016 210 1$aBerlin, [Germany] ;$aBoston, [Massachusetts] :$cDe Gruyter,$d2017. 210 4$d©2017 215 $a1 online resource (VIII, 263 p.) 225 1 $aMillennium-Studien zu Kultur und Geschichte des ersten Jahrtausends n. Chr.,$x1862-1139 ;$vVolume 64$aMillennium Studies in the culture and history of the first millennium C.E 300 $aIncludes index. 311 $a3-11-050126-0 311 $a3-11-051634-9 327 $tFrontmatter -- $tVorwort -- $tInhalt -- $tTransformationen des Wissens zwischen Spätantike und Frühmittelalter -- $tLivius-Epitome: ein spätantiker Blick auf die (kurzgefasste) römische Republik -- $tVon Plinius zu Isidor und Beda Venerabilis -- $tCodex Theodosianus revisited ? Plädoyer für eine Geschichte der juridischen Form -- $tWissensorganisation und Wissensvermittlung im ersten Teil von Isidors Etymologiae (Bücher I?X) -- $tVerformung, Verdrängung und Verlust von Rechtswissen in den Leges -- $tThe Resources of the Past: Paschasius Radbertus and his Epitaphium Arsenii -- $tUntangling the strands: The spelling of the Épinal glossary -- $tVerbrannte Steuerliste oder zerstörte Verwaltung? -- $tThe Problem of Late Merovingian Culture -- $tEine Verdichtung der Lex Salica -- $tHohe Weltgeschichte für langobardische Krieger -- $tAus Altem ein Neues ? Versuch eines Schlusswortes -- $tRegister 330 $aDas Phänomen der Transformation und Tradition von überlieferten Wissensbeständen zeigt sich in kaum einer Epoche der europäischen Geschichte derart markant wie in der Scharnierphase zwischen Antike und Mittelalter. Über einen Zeitraum großer Instabilität hinweg wurde ein der Differenziertheit spätrömischer Gesellschaft entsprechendes hochkomplexes Wissen transformiert, reduziert und reorganisiert. Dazu kamen im Bereich der Literatur, aber auch in fachwissenschaftlichen Texten und in den Rechtscorpora unterschiedliche Techniken und Strategien quantitativer Verdichtung und Verkürzung zum Einsatz. Aus der Perspektive unterschiedlicher Disziplinen beleuchten die Beiträge des Bandes diese vielfältigen Reduktionsprozesse in Gallien, Spanien und Italien vom 4. bis zum 8. Jh. und gehen dabei insbesondere der Frage nach, inwiefern durch Exzerpieren, Kompilieren und selektives Tradieren eine Komplexitätsreduktion beziehungsweise eine Komplexitätsverlagerung stattfand. Dabei werden neue Zugänge zur Bewertung des spätantiken und frühmittelalterlichen Umgangs mit antikem Wissen gewiesen sowie innovative und kreative Praktiken offengelegt, mit denen in der untersuchten Periode vergangene Wissensbestände fruchtbar gemacht wurden. 330 $aThis study examines from multiple disciplinary perspectives the phenomenon of how knowledge was transformed and transmitted between late antiquity and the Early Middle Ages. The essays explore the ways that excerpting, compiling, and selective transmission resulted in a reduction of complexity. 410 0$aMillennium-Studien ;$vVolume 64. 606 $aLearning and scholarship$xHistory$yMedieval, 500-1500 607 $aRome$xIntellectual life 607 $aRome$xHistory$yEmpire, 284-476 607 $aEurope$xIntellectual life 607 $aEurope$xHistory$y476-1492 610 $aKnowledge culture 610 $aknowledge transmission / Early Middle Ages 610 $aknowledge transmission / late antiquity 615 0$aLearning and scholarship$xHistory 676 $a001.20902 686 $aNM 5400$2rvk 700 $aDusil$b Stephan$4edt$01157277 702 $aDusil$b Stephan 702 $aSchwedler$b Gerald 702 $aSchwitter$b Raphael 801 0$bMiAaPQ 801 1$bMiAaPQ 801 2$bMiAaPQ 906 $aBOOK 912 $a996331948503316 996 $aExzerpieren - kompilieren - tradieren$93358390 997 $aUNISA LEADER 01769nas 2200637-a 450 001 9910890934503321 005 20260218112621.0 011 $a2271-1732 035 $a(DE-599)ZDB2465487-5 035 $a(CKB)110992357401012 035 $a(CONSER)sn-98034674- 035 $a(DE-599)2465487-5 035 $a(EXLCZ)99110992357401012 100 $a19971212a19979999 --- - 101 0 $afre 181 $ctxt$2rdacontent 182 $cc$2rdamedia 183 $acr$2rdacarrier 200 00$aAfricultures 210 $aParis $cEditions L'Harmattan$d1997- 215 $a1 online resource 300 $aEach issue has also a distinctive title. 311 08$aPrint version: Africultures. 1276-2458 (DLC)sn 98034674 (OCoLC)38076049 606 $aArts$zAfrica$vPeriodicals 606 $aMusic$zAfrica$vPeriodicals 606 $aArts$zAfrique$vPériodiques 606 $aMusique$zAfrique$vPériodiques 606 $aArts$2fast$3(OCoLC)fst00817721 606 $aMusic$2fast$3(OCoLC)fst01030269 606 $aNegers$2gtt 606 $aKultur$2gnd 606 $aArt africà$2thub 606 $aCivilització africana$2thub 606 $aMúsica$2thub 607 $aAfrica$2fast 607 $aAfrika$2gnd 607 $aÀfrica$2thub 608 $aPeriodicals.$2fast 608 $aRevistes electròniques.$2thub 615 0$aArts 615 0$aMusic 615 6$aArts 615 6$aMusique 615 7$aArts. 615 7$aMusic. 615 17$aNegers. 615 7$aKultur 615 7$aArt africà. 615 7$aCivilització africana 615 7$aMúsica 676 $a700.96 906 $aJOURNAL 912 $a9910890934503321 920 $aexl_impl conversion 996 $aAfricultures$9891566 997 $aUNINA